000 00524nam a2200193Ia 4500
008 240729s9999 xx 000 0 und d
022 _a2495-3911
245 0 _aMaterials and Devices
260 _aFrance
260 _bCollaborating Academics IP
650 _a Chemistry
650 _a Chemistry
650 _a Crystallography | Science
650 _a Physical and theoretical chemistry
650 _aScience
856 _uhttps://doaj.org/toc/02857e9f116d452a9fb7c044d06261d8
942 _2ddc
942 _cDOAJEJ
999 _c71016
_d71016
945 _a1
_bMadushi Gamage
_c1
_dMadushi Gamage